Central Library OPAC University of Rajshahi

কবিকঙ্কণ চণ্ডী / (Record no. 52554)

MARC details
000 -LEADER
fixed length control field 01250nam a2200253 a 4500
001 - CONTROL NUMBER
control field 52554
003 - CONTROL NUMBER IDENTIFIER
rucl marc code BD-RjUL
005 - DATE AND TIME OF LATEST TRANSACTION
control field 20211209075827.0
008 - FIXED-LENGTH DATA ELEMENTS--GENERAL INFORMATION
fixed length control field 160921s2000 ii ||||| |||| 00| 0 ben d
020 ## - INTERNATIONAL STANDARD BOOK NUMBER
International Standard Book Number 8186946500
Terms of availability : Tk. 250.00
035 ## - SYSTEM CONTROL NUMBER
System control number (BD-RjUL)52674
040 ## - CATALOGING SOURCE
Original cataloging agency BD-RjUL
Language of cataloging ben
Transcribing agency BD-RjUL
041 ## - LANGUAGE CODE
Language code of text/sound track or separate title ben
082 ## - DEWEY DECIMAL CLASSIFICATION NUMBER
Edition number 23
Classification number 891.44109
Author mark and year CHK 2000
100 1# - MAIN ENTRY--PERSONAL NAME
Personal name চক্রবর্তী, মুকুন্দরাম
9 (RLIN) 127373
245 10 - TITLE STATEMENT
Title কবিকঙ্কণ চণ্ডী /
Statement of responsibility, etc. মুকুন্দরাম চক্রবর্তী ; চারুচন্দ্র বন্দ্যোপাধ্যায় প্রণীত ; তরুণ মুখোপাধ্যায়, সম্পাদিত
260 ## - PUBLICATION, DISTRIBUTION, ETC. (IMPRINT)
Place of publication, distribution, etc. কলিকাতা :
Name of publisher, distributor, etc. সাহিত্যলোক,
Date of publication, distribution, etc. ২০০০
300 ## - PHYSICAL DESCRIPTION
Pagination খণ্ড ;
Size ২৪ সেমি.
505 0# - FORMATTED CONTENTS NOTE
Formatted contents note ১ম ভাগ : (চণ্ডীমঙ্গল-বোধিনী) --
650 ## - SUBJECT ADDED ENTRY--TOPICAL TERM
Topical term or geographic name as entry element বাংলা কবিতা
9 (RLIN) 117445
Form subdivision ইতিহাস ও সমালোচনা
Topical term or geographic name as entry element Bengali poetry
9 (RLIN) 157140
Form subdivision History and criticism
700 ## - ADDED ENTRY--PERSONAL NAME
Personal name মুখোপাধ্যায়, তরুণ, সম্পাদক
942 ## - ADDED ENTRY ELEMENTS (KOHA)
Source of classification or shelving scheme Dewey Decimal Classification
Koha item type Books
Holdings
Lost status Source of classification or shelving scheme Damaged status Not for loan Collection code Permanent Location Current Location Shelving location Date acquired Source of acquisition Cost, normal purchase price Total Checkouts Full call number Date last seen Date checked out Copy number Koha item type
  Dewey Decimal Classification     Non-fiction Central Library, University of Rajshahi Central Library, University of Rajshahi   21/11/2005 Paragon Enterprise Lit., Dhaka 250.00 1 B 891.44109 CHK Pt.-1 2000 08/04/2018 21/03/2018 C-2 Books
  Dewey Decimal Classification   Not For Loan Non-fiction Central Library, University of Rajshahi Central Library, University of Rajshahi Reading Room 21/11/2005 Dhaka, Paragon ent. Ltd. 250.00   B 891.44109 CHK Pt-1 2000 31/01/2017   C-1 Books